000 00610nam a2200217Ia 4500
005 20250923145124.0
008 008 250917s9999 xx 000 0 eng d
037 _aTextual
040 _aDSWL
_beng
_cDSWL
041 _aeng
_2eng
084 _aX:97.56, N68
_qDSWL
100 _aWilson, AW
_9831984
245 0 _aIndustrial relations law and economy
_cby AW Wilson
260 _aLondon
_bLongmans Green & Co Ltd.
_c1968
300 _axvi,128 p.
365 _aINR
_b45
700 _aS.R. Hill
_9831985
925 _g45
942 _cTEXL
_hX:97.56, N68
999 _c1447424
_d1447424